| 000 | 00803nam a2200265Ia 4500 | ||
|---|---|---|---|
| 005 | 20220829101714.0 | ||
| 008 | 210716s2009 xx 000 0 und d | ||
| 020 | _a9788184891607 | ||
| 040 | _cAIMIT LIBRARY | ||
| 041 | _aeng | ||
| 082 |
_a574.015195 _21 _bBOLR |
||
| 100 |
_aBolle, Ruud M. _955826 |
||
| 245 |
_aGuide to biometrics / _cBy Ruud M Bolle...[et.al]. |
||
| 250 | _a1st ed. | ||
| 260 |
_aNew Delhi : _bSpringer , _c2009. |
||
| 300 | _axxix,364p. ; | ||
| 650 |
_aPerformance and selection _955827 |
||
| 650 |
_aSystem issues _955828 |
||
| 650 |
_aMathematical analyses _955829 |
||
| 700 |
_aConnell, Jonathan H. _955830 |
||
| 700 |
_aPankanti, Sharath _955831 |
||
| 700 |
_aRatha, Nalini K. _955832 |
||
| 700 |
_aSenior, Andrew W. _955833 |
||
| 942 |
_2ddc _cBK _e1st _k574.015195 BOLR |
||
| 999 |
_c181835 _d181835 |
||